Minnesota Timberwolves 2016-17 Roster - Statistics

General Stats
  • This quiz has been taken 231 times
    205 since last reset
  • The average score is 7 of 16
Answer Stats
Nbr Post Player % Correct
32 Center Karl-Anthony Towns
98%
22 Forward Andrew Wiggins
90%
9 Guard Ricky Rubio
66%
8 Guard Zach LaVine
62%
5 Forward-Center Gorgui Dieng
56%
1 Guard Tyus Jones
49%
3 Guard Kris Dunn
42%
- Head Coach Tom Thibodeau
41%
45 Center Cole Aldrich
40%
88 Forward Nemanja Bjelica
40%
14 Center Nikola Pekovic
35%
15 Forward Shabazz Muhammad
30%
27 Forward-Center Jordan Hill
25%
33 Forward Adreian Payne
24%
4 Guard-Forward Brandon Rush
22%
7 Guard Lance Stephenson
14%
No matching quizzes found
Score Distribution
Percent of People with Each Score
Percentile by Number Answered
Your Score History
You have not taken this quiz since the last reset